Normal view
MARC view
- Arif, Khalid Muhammad General
Entry Personal Name
001 - CONTROL NUMBER
- control field: 67836
003 - CONTROL NUMBER IDENTIFIER
- control field: NUST
005 - DATE AND TIME OF LATEST TRANSACTION
- control field: 20210628203920.0
008 - FIXED-LENGTH DATA ELEMENTS
- fixed length control field: 210628|| aca||aabn | a|a d
040 ## - CATALOGING SOURCE
- Original cataloging agency: NUST
- Transcribing agency: NUST
100 ## - HEADING--PERSONAL NAME
- Personal name: Arif, Khalid Muhammad General
670 ## - SOURCE DATA FOUND
- Source citation: Work cat.: (NUST): Arif, Khalid Muhammad General, Working with zia , pakistan's power politics, 1995
